Les 10 équipes de foot les plus suivis sur TikTok - Statistiques

Statistiques générales
  • Ce quiz a été pris 5 321 fois
  • Le résultat moyen est 8 sur 10
Statistiques - réponses
Hint Réponse % Correct
1/ 30M Paris Saint-Germain
98%
3/ 20M Real Madrid
96%
4/ 19M Barcelone
87%
10/ 8.9M Manchester City
86%
5/ 17M Manchester United
81%
8/ 10.8M Bayern-Munich
80%
9/ 10.2M Liverpool
74%
6/ 14.7M Juventus
68%
7/ 11M Chelsea
66%
2/ 23M Tottenham
28%
Aucun quiz correspondant
Distribution des résultats
% des personnes avec chaque résultat
Percentile par nombre de réponses
Votre historique - résultats
Vous n’avez pas pris ce quiz